000 00642nam a2200229Ia 4500
003 OSt
005 20221007063954.0
006 a|||||r|||| 00| 0
007 ta
008 221006b |||||||| |||| 00| 0 eng d
024 _a13,684
037 _cTextual
040 _aFLL
_cFLL
_beng
041 _2eng
_aeng
082 _aW, G8
100 _aLucas W.W.
_9685036
245 0 _aPrimordial functions of government and the legal status of the legal status of sovereignty
260 _aCambridge
_bBowes & Bowes Cambridge
_c1938
300 _a109p
_ccm.
942 _hW, G8
_cTEXL
_2CC
999 _c1132691
_d1132691